| 000 | 00494nam a2200181Ia 4500 | ||
|---|---|---|---|
| 999 |
_c33752 _d33752 |
||
| 003 | OSt | ||
| 005 | 20200908132139.0 | ||
| 008 | 190216s9999||||xx |||||||||||||| ||und|| | ||
| 020 | _a9788121904131 | ||
| 040 | _coclc | ||
| 082 |
_a539.7 _bGHO/N |
||
| 100 |
_aGhoshal, S N _94502 |
||
| 245 | 0 |
_aNuclear Physics / _cS N Ghoshal |
|
| 260 |
_bS Chand & Company, _c2002. _aNew Delhi: |
||
| 300 | _a1055p | ||
| 650 | _aPhysics | ||
| 942 |
_cBK _2ddc _h539.7 _iGHO/N _k539.7 _mGHO/N |
||